01532cam a22003974a 4500001000500000005001700005020002200022020002500044020002200069020002700091020001800118040005500136050002200191082001400213100004000227245004400267250005100311260003500362300002400397490001500421505000600436505022700442520003800669521001800707521001800725650002000743650002500763650002000788655002000808700004300828700004700871700005000918700006900968700004601037700005101083130620230926144822.0 a0439841240 (hbk.) a9780439841245 (hbk.) a0439841259 (pbk.) a1415690359 (BWI bound) a9780439841252 aDLCcDLCdIG#dIMFdBAKERdP@NdHHOdDLCdDLCbeng00aPN6726b.G66 200600a741.5222 aStine, R.L.qStine, Robert Lawrence00aThe werewolf of fever swampcR.L. Stone aThis edition published by Scholastic Ltd, 2015 aNew York :bScholastic,c1993. a139 pages :c24 cm. 3Goosebumps0 aK0 aThe werewolf of Fever Swamp / adapted & illustrated by Gabriel Hernandez -- The scarecrow walks at midnight / adapted & illustrated by Greg Ruth -- The abominable snowman of Pasadena / adapted & illustrated by Scott Morse. a"3 goulish graphix tales"--Cover. a540 bLexile aK bRaz-Plus 1aHorror stories. 1aCartoons and comics. 1aGraphic novels. 0aGraphic novels.1 aStine, R. L.tWerewolf of Fever Swamp.1 aStine, R. L.tScarecrow walks at midnight.1 aStine, R. L.tAbominable snowman of Pasadena.12aHernandez, Gabrielq(Hernandez Walta).tWerewolf of Fever Swamp.12aRuth, Greg.tScarecrow walks at midnight.12aMorse, Scott.tAbominable snowman of Pasadena.